LEADER 00621nab a2200145 i 4500 001 000000311170 003 CaOOAMICUS 005 20180831173027.0 008 180831n xx uu u0 0und r 013 $a20259 040 $aSeMil$bita 100 1 $aBallerini, Giuseppe,$d<1857-1933>.$0(OLS)http://semarc/name/22098 245 13$aLa Questione sociale e i suoi tre grandi partiti. A proposito dell?Enciclica sulla Democrazia Cristiana. 773 0 $t[Gennaio-Giugno].$g34-47$w()274029 996 $6245$aLa Questione sociale e i suoi tre grandi partiti. A proposito dell?Enciclica sulla Democrazia Cristiana$9(OLS)http://semarc/title/385817 LEADER 00690nam a2200181 i 4500 001 000000241982 003 CaOOAMICUS 005 20150525000000.0 008 150525s1835 it u000 u ita u 013 $a220887 040 $aSeMil$bita 245 10$aVol. 6. 300 $a209 p. 773 0 $aBourdaloue, Louis $tOpere complete di Bourdaloue.$dCremona : presso Luigi De Micheli, 1833-1838.$g8$w()31918 773 0 $aBourdaloue, Louis $tQuaresimale.$dCremona : Luigi De Micheli, 1833-1835.$g6$w()31920 850 $aSeMil 852 $aSeMil$W1$xVenegono$y1$m3F I 410 FA$j192328$B192328$CSeMilBibl$Z2$F203145 $8I 996 $6245$aVol. 6$9(OLS)http://semarc/title/108698